000 00323 a2200109 4500
001 ART_27920
005 20260410161950.0
008 260409a
245 1 0 _aEntre cálculo racional y comportamiento reglado
100 1 _aTrapani, Daniel A.
773 0 _tInvenio
_g- Año 7, Nº 13 (nov. 2004)
_wREV27781
999 _c30327
_d30327